Hướng dẫn đồ án nền và móng
Đề cập đến hướng dẫn đồ án môn học nền và móng; hướng dẫn đồ án tốt nghiệp có phần nền móng cho sinh viên ngành xây dựng dân dụng và công nghiệp. Nghiên cứu về móng nông trên nền thiên nhiên; tính toán móng mềm; nền nhân tạo; móng cọc....
Đã lưu trong:
| Tác giả chính: | |
|---|---|
| Định dạng: | Sách |
| Năm xuất bản: |
H.
Xây dựng
2004
|
| Phiên bản: | Tái bản |
| Chủ đề: | |
| Tags: |
Thêm thẻ
Không có thẻ, Hãy là người đầu tiên gắn thẻ bản ghi này!
|
| LEADER | 01908nam a2200265 4500 | ||
|---|---|---|---|
| 999 | |c 1144 |d 1144 | ||
| 082 | |a 624.1 |b NG527V | ||
| 100 | |a Nguyễn Văn Quảng | ||
| 245 | |a Hướng dẫn đồ án nền và móng |c Nguyễn Văn Quảng, Nguyễn Hữu Kháng | ||
| 250 | |a Tái bản | ||
| 260 | |a H. |b Xây dựng |c 2004 | ||
| 300 | |a 181tr. |c 27cm | ||
| 520 | |a Đề cập đến hướng dẫn đồ án môn học nền và móng; hướng dẫn đồ án tốt nghiệp có phần nền móng cho sinh viên ngành xây dựng dân dụng và công nghiệp. Nghiên cứu về móng nông trên nền thiên nhiên; tính toán móng mềm; nền nhân tạo; móng cọc. | ||
| 653 | |a Kỹ thuật xây dựng | ||
| 653 | |a Nền móng | ||
| 653 | |a Hướng dẫn | ||
| 653 | |a Đồ án | ||
| 942 | |2 ddc |c STK0 | ||
| 952 | |0 0 |1 0 |2 ddc |4 0 |6 624_100000000000000_NG527V |7 1 |8 600 |9 19876 |a qbu |b qbu |c D3 |d 2014-12-04 |g 29000 |o 624.1 NG527V |p 1645.C1 |r 0000-00-00 |w 2014-12-04 |y STK0 | ||
| 952 | |0 0 |1 0 |2 ddc |4 0 |6 624_100000000000000_NG527V |7 0 |8 600 |9 19877 |a qbu |b qbu |c D3 |d 2014-12-04 |g 29000 |o 624.1 NG527V |p 1645.C2 |r 0000-00-00 |w 2014-12-04 |y STK0 | ||
| 952 | |0 0 |1 0 |2 ddc |4 0 |6 624_100000000000000_NG527V |7 0 |8 600 |9 19878 |a qbu |b qbu |c D3 |d 2014-12-04 |g 29000 |o 624.1 NG527V |p 1645.C3 |r 0000-00-00 |w 2014-12-04 |y STK0 | ||
| 952 | |0 0 |1 0 |2 ddc |4 0 |6 624_100000000000000_NG527V |7 0 |8 600 |9 19879 |a qbu |b qbu |c D3 |d 2014-12-04 |g 29000 |o 624.1 NG527V |p 1645.C4 |r 0000-00-00 |w 2014-12-04 |y STK0 | ||
| 952 | |0 0 |1 0 |2 ddc |4 0 |6 624_100000000000000_NG527V |7 0 |8 600 |9 19880 |a qbu |b qbu |c D3 |d 2014-12-04 |g 29000 |o 624.1 NG527V |p 1645.C5 |r 0000-00-00 |w 2014-12-04 |y STK0 | ||
| 952 | |0 0 |1 0 |2 ddc |4 0 |6 624_100000000000000_NG527V |7 0 |8 600 |9 19881 |a qbu |b qbu |c D3 |d 2014-12-04 |g 29000 |o 624.1 NG527V |p 1645.C6 |r 0000-00-00 |w 2014-12-04 |y STK0 | ||
| 952 | |0 0 |1 0 |2 ddc |4 0 |6 624_100000000000000_NG527V |7 0 |8 600 |9 19882 |a qbu |b qbu |c D3 |d 2014-12-04 |g 29000 |o 624.1 NG527V |p 1645.C7 |r 0000-00-00 |w 2014-12-04 |y STK0 | ||